000 00583nam a2200205Ia 4500
005 20250508151704.0
008 008 250505s9999 xx 000 0 eng d
037 _aTextual
040 _aFEDL
_beng
_cFEDL
041 _aeng
_2eng
084 _a301.153, CAR
_qFEDL
100 _aCartwright Dorwin
245 0 _aGroup dynamics : Research and theory
260 _aNew York, USA
_bRow, Peterson and Company
_c1953
300 _axiii,642p.
650 _aSociology
700 _a Zander Alvin
_9759751
942 _cTEXL
_h301.153, CAR
999 _c1331452
_d1331452